[Event "BL2-Ost 9495"]
[Site "Germany"]
[Date "1995.??.??"]
[Round "2.5"]
[White "Lorenz, Gerd"]
[Black "Meyer, Volker"]
[Result "1-0"]
[WhiteElo "2235"]
[BlackElo "2300"]
[PlyCount "101"]
[EventDate "1994.10.??"]
[EventType "team-tourn"]
[EventRounds "9"]
[EventCountry "GER"]
[SourceTitle "GER-chT2"]
[Source "ChessBase"]
[SourceDate "1999.07.01"]
[SourceVersion "1"]
[SourceVersionDate "1999.07.01"]
[SourceQuality "1"]
[WhiteTeam "Chemnitz Lok"]
[BlackTeam "Sachsen Anhalt"]
[WhiteTeamCountry "GER"]
[BlackTeamCountry "GER"]

1. d4 Nf6 2. Bg5 e6 3. Nd2 c5 4. e3 b6 5. Ngf3 Bb7 6. c3 Be7 7. Bd3 cxd4 8. exd4 0-0 9. 0-0 d6 10. Re1 Nbd7 11. Nc4 Re8 12. a4 a6 13. Bf4 Qc7 14. h3 Bf8 15. Bh2 Qc6 16. Bf1 Rad8 17. Qc2 g6 18. b4 Qc7 19. Nfd2 Nd5 20. Ne4 e5 21. Qb3 Kg7 22. Rad1 f5 23. Ng5 h6 24. Nf3 e4 25. Nfd2 N7f6 26. Rc1 Qd7 27. Ne3 b5 28. c4 bxc4 29. Ndxc4 Bc6 30. Nxd5 Bxd5 31. Qa3 Qa7 32. Ne3 Rb8 33. Qc3 Rb7 34. b5 axb5 35. Bxb5 Reb8 36. Rc2 Be6 37. d5 Bd7 38. Bc6 Rb1 39. Rec1 Kf7 40. Nc4 Qc7 41. Bb5 Rxc1+ 42. Rxc1 Qd8 43. Bxd6 Bxd6 44. Nxd6+ Kg8 45. Qe5 Ne8 46. Bxd7 Qxd7 47. Nxf5 Ra8 48. Nxh6+ Kf8 49. Qh8+ Ke7 50. Qh7+ Kd8 51. Nf7+ 1-0